| 000 | 00391nam a2200145Ia 4500 | ||
|---|---|---|---|
| 008 | 220217s9999||||xx |||||||||||||| ||und|| | ||
| 020 | _a9789241342472 | ||
| 082 | _a624.25 SIN | ||
| 100 | _aSinha, S.N | ||
| 245 | 0 | _aReinforced concrete design | |
| 250 | _a3rd | ||
| 260 |
_aMcgraw hill book company _bNew Delhi _c2015 |
||
| 300 |
_aXIX, 631p. _b765 |
||
| 650 | _aCONCRETE TECHNOLOGY | ||
| 999 |
_c187276 _d187276 |
||